|
|
|
|
| LEADER |
00000nab a2200000 a 4500 |
| 001 |
vtls000718594 |
| 003 |
SK-MaSNL |
| 005 |
20260304120304.0 |
| 008 |
250429c2000 xo 0 slo |
| 015 |
|
|
|a SNBRB2000/04-09615
|
| 035 |
|
|
|a CLN000070761
|
| 035 |
|
|
|a urn:nbn:sk:snk-abahr3
|
| 035 |
|
|
|a (urnnbn)urn:nbn:sk:snk:ar-008e69
|
| 035 |
|
|
|a (uuid)1a6a3334-2583-43a1-8544-d6bd7c5599e7
|
| 040 |
|
|
|a SNKBUCL
|b slo
|c SNKBUCL
|e AACR2
|
| 041 |
0 |
|
|a slo
|
| 044 |
|
|
|a xo
|c SK
|
| 080 |
|
|
|a 69.028.2
|2 1997
|
| 100 |
1 |
|
|a Galová, Ivana
|4 aut
|9 702405
|
| 245 |
1 |
0 |
|a Strešné okno alebo vikier?
|c Ivana Galová
|
| 650 |
0 |
7 |
|a okná strešné
|x podkrovie
|2 snkbucl
|9 1424005
|
| 655 |
|
7 |
|a články z novín a časopisov
|2 snkbucl
|9 267496
|
| 773 |
0 |
|
|t Eurostav
|g Roč. 6, č. 1 (2000), s. 40-41
|x 1335-1249
|
| 850 |
|
|
|a Slovenská národná knižnica
|
| 852 |
|
|
|a Slovenská národná knižnica
|
| 954 |
|
|
|a odborná, vedecká literatúra pôvodná (slovenská)
|2 lita
|
| 958 |
|
|
|a article14
|
| 958 |
|
|
|a OND
|
| 958 |
|
|
|a SK
|
| 958 |
|
|
|a EUIPO
|
| 992 |
|
|
|a RBX
|
| 999 |
|
|
|c 2879314
|d 2881244
|